| Tag |
First Indicator |
Second Indicator |
Subfields |
| LEADER |
00000cam a2200000 a 4500 |
| 001 |
in00001507913 |
| 005 |
20151021102806.0 |
| 008 |
980709s1999 enk b 001 0 eng |
| 010 |
|
|
|a 98035939
|
| 020 |
|
|
|a 0333688392 (Macmillan)
|
| 020 |
|
|
|a 0312217269 (St. Martin's : cloth)
|
| 035 |
|
|
|a (OCoLC)39497846
|
| 035 |
|
|
|9 AJL1778AM
|
| 040 |
|
|
|a DLC
|c DLC
|d TXA
|d UtOrBLW
|
| 043 |
|
|
|a e-uk-en
|
| 049 |
|
|
|a TXAM
|
| 050 |
0 |
0 |
|a PR6063.U7
|b Z745 1999
|
| 082 |
0 |
0 |
|a 823/.914
|2 21
|
| 100 |
1 |
|
|a Nicol, Bran,
|d 1969-
|
| 245 |
1 |
0 |
|a Iris Murdoch :
|b the retrospective fiction /
|c Bran Nicol.
|
| 264 |
|
1 |
|a New York :
|b St. Martin's Press,
|c 1999.
|
| 300 |
|
|
|a xv, 166 pages ;
|c 23 cm.
|
| 336 |
|
|
|a text
|b txt
|2 rdacontent
|
| 337 |
|
|
|a unmediated
|b n
|2 rdamedia
|
| 338 |
|
|
|a volume
|b nc
|2 rdacarrier
|
| 500 |
|
|
|a Enlargement of author's thesis (Ph. D.)--Lancaster University.
|
| 504 |
|
|
|a Includes bibliographical references (pages 155-161) and index.
|
| 600 |
1 |
0 |
|a Murdoch, Iris
|x Criticism and interpretation.
|
| 650 |
|
0 |
|a Psychoanalysis and literature
|z England
|x History
|y 20th century.
|
| 650 |
|
0 |
|a Psychological fiction, English
|x History and criticism.
|
| 650 |
|
0 |
|a Autobiographical memory in literature.
|
| 650 |
|
0 |
|a First person narrative.
|
| 948 |
|
|
|a c:dm
|
| 999 |
|
|
|a MARS
|
| 999 |
f |
f |
|s b72c4ee0-ddf8-3160-84f3-318141cb3382
|i 264066af-db2a-3054-bdef-803aef0aa63a
|t 0
|
| 952 |
f |
f |
|p ric
|a Texas A&M University
|b Rellis Campus
|c Joint Library Facility
|d Remote Storage
|t 0
|e PR6063.U7 Z745 1999
|h Library of Congress classification
|i unmediated -- volume
|m A14825343640
|
| 998 |
f |
f |
|a PR6063.U7 Z745 1999
|t 0
|l Remote Storage
|